Every City in Kansas on a Map - Statistics

General Stats
  • This quiz has been taken 927 times
  • The average score is 75 of 626
Answers on the Map
Answers color-coded by a green-red scale on the quiz's map according to % correct below.
 
Answer Stats
Name Population % Correct
Kansas City 156,752
97%
Topeka 125,467
96%
Wichita 400,991
94%
Overland Park 202,893
78%
Manhattan 54,700
76%
Lawrence 97,271
74%
Olathe 149,035
71%
Dodge City 27,663
69%
Salina 46,109
58%
Hays 21,213
53%
Leavenworth 37,370
53%
Shawnee 69,724
51%
Liberal 19,184
48%
Garden City 27,996
47%
Hutchinson 39,561
47%
Lenexa 59,427
47%
Emporia 24,354
46%
Pittsburg 20,547
42%
Junction City 22,053
39%
Atchison 10,813
38%
Colby 5,539
36%
Derby 26,604
35%
Abilene 6,501
34%
Washington 1,075
34%
Andover 17,000
32%
El Dorado 12,694
31%
Independence 8,287
31%
Arkansas City 11,761
30%
Great Bend 14,306
30%
Green 92
30%
Leawood 34,013
30%
Ottawa 12,733
29%
Goodland 4,394
28%
McPherson 14,068
28%
Newton 18,320
28%
Mission 10,013
27%
Bonner Springs 7,832
26%
Coffeyville 8,545
26%
Fort Scott 7,563
26%
Gardner 25,836
26%
Tonganoxie 6,195
24%
De Soto 6,579
23%
Eudora 6,564
23%
Madison 668
23%
Prairie Village 22,919
23%
Lansing 11,316
22%
Paola 5,835
22%
Park 112
22%
Clay Center 4,070
21%
Concordia 4,926
21%
Maize 7,059
21%
Parsons 9,328
21%
Pratt 6,587
21%
Russell 4,325
21%
Wamego 4,888
21%
Burlington 2,596
20%
Chanute 8,536
20%
Greensburg 731
20%
Iola 5,309
20%
Norton 2,681
20%
Oakley 1,996
20%
Scott City 3,929
20%
Wellington 7,561
20%
Winfield 11,678
20%
Augusta 9,103
19%
Hesston 3,482
19%
Holton 3,422
19%
Marysville 3,422
19%
St. Marys 2,784
19%
Basehor 7,996
18%
Goddard 6,009
18%
Haysville 11,406
18%
Johnson City 1,459
18%
Kingman 2,866
18%
Louisburg 5,266
18%
Osage City 2,799
18%
Riley 955
18%
Ulysses 5,582
18%
Baxter Springs 3,844
17%
Columbus 2,878
17%
Council Grove 2,101
17%
Ellsworth 3,116
17%
Hiawatha 3,137
17%
Lindsborg 3,835
17%
Mulvane 7,016
17%
Ness City 1,310
17%
Sabetha 2,476
17%
Smith Center 1,569
17%
Spring Hill 10,070
17%
St. Francis 1,282
17%
St. John 1,173
17%
Baldwin City 4,985
16%
Beloit 3,400
16%
Galena 2,767
16%
Hillsboro 2,673
16%
Larned 3,598
16%
Lecompton 592
16%
Lyons 3,499
16%
Minneapolis 1,939
16%
Oberlin 1,610
16%
Osawatomie 4,187
16%
Park City 9,110
16%
Perry 846
16%
Seneca 2,141
16%
Troy 982
16%
WaKeeney 1,766
16%
Wilson 834
16%
Atwood 1,223
15%
Bel Aire 10,066
15%
Cheney 2,174
15%
Clearwater 2,697
15%
Elkhart 1,726
15%
Frankfort 726
15%
Fredonia 2,071
15%
Hamilton 179
15%
Horton 1,461
15%
Hugoton 3,583
15%
Kanorado 150
15%
Meade 1,436
15%
Medicine Lodge 1,708
15%
Oskaloosa 1,073
15%
Peabody 916
15%
Sedan 985
15%
Silver Lake 1,312
15%
St. George 1,150
15%
Syracuse 1,807
15%
Valley Center 7,416
15%
Allen 165
14%
Andale 929
14%
Auburn 1,272
14%
Cottonwood Falls 833
14%
Dighton 907
14%
Edgerton 1,716
14%
Ellis 1,918
14%
Haven 1,168
14%
Hill City 1,374
14%
Hoxie 1,176
14%
Jetmore 748
14%
Kiowa 870
14%
Lakin 2,112
14%
Mankato 826
14%
Marion 1,890
14%
Merriam 11,560
14%
Mission Hills 3,521
14%
Rossville 1,090
14%
Sharon 143
14%
Towanda 1,424
14%
Westmoreland 732
14%
Yates Center 1,315
14%
Alma 839
13%
Americus 779
13%
Anthony 2,052
13%
Ashland 734
13%
Belleville 1,975
13%
Buhler 1,315
13%
Carbondale 1,306
13%
Cedar 13
13%
Chapman 1,388
13%
Cherokee 596
13%
Cimarron 1,977
13%
Edwardsville 4,748
13%
Erie 1,035
13%
Eureka 2,249
13%
Frontenac 3,412
13%
Garnett 3,211
13%
Girard 2,473
13%
Herington 2,116
13%
Highland 932
13%
Hoisington 2,607
13%
Holcomb 2,242
13%
Leon 649
13%
Lewis 378
13%
Neodesha 2,210
13%
Nortonville 586
13%
Oswego 1,625
13%
Quinter 919
13%
Rose Hill 4,290
13%
South Hutchinson 2,506
13%
Sterling 2,309
13%
St. Paul 616
13%
Tribune 691
13%
Arlington 427
12%
Benton 930
12%
Bird City 448
12%
Brewster 282
12%
Buffalo 211
12%
Caldwell 1,000
12%
Canton 664
12%
Centralia 491
12%
Cherryvale 2,114
12%
Dexter 229
12%
Douglass 1,514
12%
Elk City 250
12%
Eskridge 437
12%
Gas 466
12%
Gypsum 394
12%
Halstead 2,144
12%
Harper 1,293
12%
Howard 561
12%
Hoyt 596
12%
Leoti 1,424
12%
Liberty 95
12%
Logan 431
12%
Mayetta 359
12%
Ogden 1,656
12%
Olpe 528
12%
Onaga 681
12%
Osborne 1,274
12%
Phillipsburg 2,233
12%
Randolph 158
12%
Sharon Springs 733
12%
Solomon 1,006
12%
Sublette 1,339
12%
Udall 641
12%
Valley Falls 1,066
12%
Victoria 1,129
12%
White City 437
12%
Alta Vista 412
11%
Attica 506
11%
Axtell 405
11%
Burlingame 939
11%
Burrton 846
11%
Chase 389
11%
Coldwater 687
11%
Cuba 137
11%
Effingham 487
11%
Hanover 696
11%
Inman 1,328
11%
Jamestown 233
11%
Jewell 351
11%
Kinsley 1,361
11%
La Crosse 1,208
11%
Linn 389
11%
Linwood 428
11%
Lyndon 1,037
11%
Maple Hill 639
11%
Milford 394
11%
Moscow 260
11%
Mound City 640
11%
North Newton 1,798
11%
Oxford 1,036
11%
Peru 101
11%
Plains 1,006
11%
Pretty Prairie 651
11%
Roeland Park 6,689
11%
Rolla 356
11%
Sedgwick 1,582
11%
Wathena 1,260
11%
Wetmore 339
11%
Winchester 443
11%
Agra 195
10%
Altoona 343
10%
Belle Plaine 1,445
10%
Bern 162
10%
Blue Rapids 921
10%
Brookville 235
10%
Burns 231
10%
Caney 1,726
10%
Cassoday 106
10%
Cawker City 462
10%
Cedar Vale 474
10%
Chetopa 905
10%
Conway Springs 1,135
10%
Corning 209
10%
Edna 382
10%
Elwood 1,137
10%
Fairview 233
10%
Fairway 4,160
10%
Florence 381
10%
Goff 103
10%
Greeley 276
10%
Grinnell 255
10%
Humboldt 1,817
10%
Labette 55
10%
La Cygne 1,019
10%
Lancaster 244
10%
Lebanon 181
10%
Lebo 887
10%
Little River 468
10%
Louisville 152
10%
Lucas 337
10%
Montezuma 994
10%
Otis 282
10%
Richmond 439
10%
Satanta 1,042
10%
South Haven 325
10%
Stockton 1,433
10%
Strong City 377
10%
Thayer 426
10%
Uniontown 297
10%
Wallace 45
10%
Wellsville 1,933
10%
Wheaton 106
10%
Admire 137
9%
Altamont 1,047
9%
Arma 1,390
9%
Atlanta 163
9%
Bison 169
9%
Bucklin 696
9%
Claflin 543
9%
Clifton 456
9%
Clyde 669
9%
Coolidge 78
9%
Delia 153
9%
Denton 133
9%
Dwight 210
9%
Easton 213
9%
Elbing 220
9%
Ellinwood 1,969
9%
Ford 201
9%
Fowler 512
9%
Garden Plain 987
9%
Goessel 552
9%
Gove City 76
9%
Gridley 313
9%
Harveyville 178
9%
Havensville 130
9%
Hope 313
9%
Horace 91
9%
Kismet 332
9%
Leona 36
9%
Lincoln Center 1,160
9%
McLouth 838
9%
Melvern 345
9%
Meriden 719
9%
Minneola 700
9%
Moundridge 1,965
9%
Nickerson 1,052
9%
Norwich 410
9%
Ozawkie 623
9%
Parker 229
9%
Paxico 210
9%
Pomona 891
9%
Tescott 266
9%
Toronto 205
9%
Waterville 650
9%
Weir 570
9%
Whitewater 652
9%
Abbyville 81
8%
Alexander 48
8%
Beattie 202
8%
Belvue 206
8%
Bennington 649
8%
Burden 506
8%
Cambridge 92
8%
Chautauqua 110
8%
Circleville 154
8%
Colwich 1,454
8%
Cunningham 403
8%
Downs 772
8%
Eastborough 743
8%
Elk Falls 108
8%
Emmett 170
8%
Everest 249
8%
Glen Elder 363
8%
Hartford 364
8%
Holyrood 385
8%
Ingalls 252
8%
Iuka 152
8%
Kechi 2,388
8%
La Harpe 488
8%
Lake Quivira 1,006
8%
Long Island 131
8%
McFarland 280
8%
Mission Woods 199
8%
Moline 336
8%
Mound Valley 349
8%
Muscotah 156
8%
Nashville 50
8%
New Strawn 419
8%
Olsburg 226
8%
Oneida 58
8%
Pawnee Rock 186
8%
Plainville 1,693
8%
Plevna 84
8%
Protection 495
8%
Ransom 255
8%
Republic 82
8%
Rush Center 132
8%
Scranton 641
8%
Seward 41
8%
Spearville 780
8%
Stafford 920
8%
Tyro 169
8%
Utica 97
8%
Waverly 570
8%
Westwood 1,719
8%
Whiting 196
8%
Willard 68
8%
Williamsburg 385
8%
Alden 116
7%
Almena 352
7%
Argonia 447
7%
Assaria 424
7%
Aurora 52
7%
Barnes 163
7%
Bartlett 68
7%
Bazine 270
7%
Bushton 197
7%
Clayton 42
7%
Copeland 251
7%
Deerfield 688
7%
Denison 147
7%
Dresden 43
7%
Elgin 56
7%
Esbon 69
7%
Frederick 8
7%
Fulton 169
7%
Galva 826
7%
Garfield 143
7%
Grainfield 310
7%
Havana 83
7%
Haviland 666
7%
Hudson 91
7%
Huron 74
7%
Kensington 396
7%
Macksville 455
7%
Manchester 51
7%
Marquette 596
7%
McDonald 115
7%
Morrill 210
7%
Mount Hope 804
7%
Neosho Rapids 239
7%
Netawaka 141
7%
Overbrook 998
7%
Palco 202
7%
Pleasanton 1,185
7%
Potwin 413
7%
Powhattan 67
7%
Prairie View 99
7%
Prescott 213
7%
Preston 118
7%
Princeton 251
7%
Reserve 69
7%
Rexford 197
7%
Richfield 27
7%
Robinson 173
7%
Sawyer 89
7%
Scandia 337
7%
Severy 197
7%
Soldier 104
7%
Sylvia 212
7%
Tipton 194
7%
Turon 306
7%
Vermillion 76
7%
Virgil 47
7%
Wakefield 840
7%
Walnut 188
7%
Walton 218
7%
West Mineral 147
7%
White Cloud 115
7%
Willis 28
7%
Woodston 89
7%
Albert 123
6%
Alton 93
6%
Arcadia 257
6%
Belpre 91
6%
Bentley 574
6%
Blue Mound 220
6%
Bogue 148
6%
Bronson 307
6%
Bunker Hill 108
6%
Burdett 216
6%
Cedar Point 20
6%
Climax 45
6%
Danville 29
6%
Dearing 372
6%
Durham 88
6%
Ensign 164
6%
Enterprise 710
6%
Fall River 127
6%
Gem 95
6%
Geneseo 226
6%
Grandview Plaza 1,648
6%
Hamlin 35
6%
Hunnewell 43
6%
Hunter 50
6%
Jennings 79
6%
Kanopolis 432
6%
Kirwin 129
6%
Lane 243
6%
Langdon 44
6%
Lehigh 159
6%
Leonardville 441
6%
LeRoy 446
6%
Lincolnville 169
6%
Manter 131
6%
Matfield Green 50
6%
Milan 52
6%
Miltonvale 433
6%
Moran 463
6%
Mullinville 194
6%
Natoma 290
6%
Neosho Falls 138
6%
Norcatur 160
6%
Offerle 163
6%
Olivet 74
6%
Paradise 34
6%
Raymond 81
6%
Reading 184
6%
Rozel 96
6%
Russell Springs 27
6%
Scammon 368
6%
Selden 181
6%
Simpson 82
6%
Viola 113
6%
Waldo 32
6%
Westwood Hills 395
6%
Windom 90
6%
Winona 184
6%
Zenda 66
6%
Zurich 83
6%
Agenda 44
5%
Athol 41
5%
Benedict 71
5%
Beverly 135
5%
Bluff City 44
5%
Brownell 23
5%
Burr Oak 139
5%
Bushong 28
5%
Byers 37
5%
Carlton 38
5%
Coats 67
5%
Collyer 94
5%
Colony 383
5%
Courtland 291
5%
Coyville 56
5%
Cullison 84
5%
Culver 115
5%
Damar 107
5%
Delphos 301
5%
Dorrance 141
5%
Dunlap 28
5%
Earlton 58
5%
Edmond 27
5%
Elmdale 40
5%
Englewood 52
5%
Fontana 231
5%
Formoso 91
5%
Galatia 45
5%
Galesburg 142
5%
Gaylord 84
5%
Geuda Springs 154
5%
Glade 52
5%
Glasco 433
5%
Gorham 379
5%
Greenleaf 351
5%
Grenola 149
5%
Haddam 108
5%
Hanston 249
5%
Hardtner 163
5%
Hazelton 81
5%
Hepler 92
5%
Herndon 114
5%
Hollenberg 12
5%
Isabel 64
5%
Latham 98
5%
Lenora 199
5%
Liebenthal 89
5%
Linn Valley 1,112
5%
Longford 71
5%
Longton 280
5%
Lorraine 130
5%
Lost Springs 56
5%
Luray 158
5%
Mahaska 44
5%
Mayfield 73
5%
McCracken 147
5%
McCune 374
5%
Menlo 30
5%
Morganville 181
5%
Morland 113
5%
Morrowville 116
5%
Mulberry 411
5%
Munden 98
5%
Narka 80
5%
New Albany 59
5%
New Cambria 108
5%
Niotaze 89
5%
Oak Hill 25
5%
Olmitz 90
5%
Parkerfield 403
5%
Parkerville 47
5%
Partridge 211
5%
Penalosa 17
5%
Quenemo 287
5%
Radium 22
5%
Randall 84
5%
Rantoul 174
5%
Redfield 92
5%
Roseland 74
5%
Schoenchen 170
5%
Scottsville 26
5%
Severance 79
5%
Smolan 160
5%
Speed 36
5%
Spivey 56
5%
Summerfield 124
5%
Sun City 33
5%
Susank 29
5%
Sylvan Grove 289
5%
Tampa 105
5%
The Highlands 349
5%
Timken 34
5%
Vining 39
5%
Waldron 9
5%
Webber 31
5%
Westphalia 132
5%
Willowbrook 70
5%
Wilmore 34
5%
Wilsey 139
5%
Woodbine 162
5%
Barnard 58
4%
Bassett 22
4%
Elsmore 52
4%
Kincaid 107
4%
Latimer 30
4%
Lone Elm 22
4%
Mapleton 98
4%
Oketo 61
4%
Palmer 126
4%
Portis 84
4%
Ramona 79
4%
Savonburg 76
4%
Stark 66
4%
Greeley County 370
1%
No matching quizzes found
Score Distribution
Percent of People with Each Score
Percentile by Number Answered
Your Score History
You have not taken this quiz